00380 2200145 4500001002100000005001500021035002000036245007400056100001800130300001200148260004000160082000800200084001400208990001200222INLIS00000000000304220250919072948 a0010-09250003891 aBibliografi Ilmu Administrasi Dalam Bahasa Indonesia /cThe Liang Gie0 aThe Liang Gie a266 hlm aYogyakarta :bPenerbit Karya,c1970 a000 a000 THE b a0755593